[Event "EU-ch Amateur U2000"]
[Site "Zagreb"]
[Date "2022.08.15"]
[Round "2"]
[White "Koksa, Jelena"]
[Black "Hafstad, Leif"]
[Result "0-1"]
[WhiteElo "1877"]
[BlackElo "1964"]
[PlyCount "46"]
[EventDate "2022.08.14"]
[EventType "swiss"]
[EventRounds "9"]
[EventCountry "CRO"]
[SourceTitle "CBM 210 Extra"]
[Source "ChessBase"]
[SourceDate "2022.11.30"]
[SourceVersion "1"]
[SourceVersionDate "2022.11.30"]
[SourceQuality "1"]

1. e4 c5 2. Nf3 e6 3. d4 cxd4 4. Nxd4 Nc6 5. Nxc6 bxc6 6. Bd3 e5 7. 0-0 Nf6 8. c4 h5 9. Qe2 Be7 10. Nc3 d6 11. Kh1 Be6 12. f4 exf4 13. Bxf4 Ng4 14. b4 Bf6 15. Rac1 Be5 16. b5 Bxf4 17. Rxf4 Qg5 18. Qf1 Ne3 19. Qf3 Nxg2 20. Qxg2 Qxf4 21. Rf1 Qe5 22. Qd2 cxb5 23. Nxb5 0-0 0-1

[Event "Dublin Irish op"]
[Site "Dublin"]
[Date "2019.04.21"]
[Round "7"]
[White "Kalam, Abul"]
[Black "Hafstad, Leif"]
[Result "1-0"]
[WhiteElo "1804"]
[BlackElo "1857"]
[PlyCount "93"]
[EventDate "2019.04.17"]
[EventType "swiss"]
[EventRounds "9"]
[EventCountry "IRL"]
[SourceTitle "CBM 189 Extra"]
[Source "ChessBase"]
[SourceDate "2019.06.03"]
[SourceVersion "1"]
[SourceVersionDate "2019.06.03"]
[SourceQuality "1"]

1. e4 c5 2. Nf3 e6 3. c3 Nf6 4. d3 Nc6 5. Na3 d5 6. Bg5 Be7 7. e5 Nd7 8. Bxe7 Nxe7 9. d4 a6 10. Be2 0-0 11. Qd2 cxd4 12. cxd4 f6 13. exf6 Nxf6 14. Bd3 Nf5 15. Nc2 Qd6 16. 0-0 Bd7 17. a4 Rac8 18. Rfe1 Be8 19. h3 Bf7 20. b4 Qc7 21. Rac1 Qc3 22. Qe2 Rfe8 23. b5 Nh5 24. g3 Bg6 25. Red1 axb5 26. axb5 Nfxg3 27. fxg3 Nxg3 28. Qe3 Bxd3 29. Rxd3 Qb2 30. Kg2 Ne4 31. Nfe1 Rf8 32. Kg1 Nc3 33. Ra1 Rf6 34. Ra3 Qxb5 35. Raxc3 Rxc3 36. Rxc3 Qf1+ 37. Kh2 Rf2+ 38. Kg3 Rf6 39. Nf3 h6 40. Ne5 Rf5 41. Ne1 Rg5+ 42. Ng4 Kh7 43. Nf3 Rf5 44. Qxe6 Rh5 45. Nf6+ gxf6 46. Qf7+ Kh8 47. Rc8# 1-0

[Event "Wch U16"]
[Site "Montevideo"]
[Date "2017.09.26"]
[Round "11"]
[White "Hafstad, Leif"]
[Black "Carroll, Peter"]
[Result "0-1"]
[WhiteElo "1808"]
[BlackElo "1741"]
[PlyCount "102"]
[EventDate "2017.09.17"]
[EventType "swiss"]
[EventRounds "11"]
[EventCountry "URU"]
[SourceTitle "EXT 2018"]
[Source "ChessBase"]
[SourceDate "2017.10.13"]
[SourceVersion "1"]
[SourceVersionDate "2017.10.13"]
[SourceQuality "1"]

1. e4 c5 2. Nf3 d6 3. Bb5+ Nc6 4. Bxc6+ bxc6 5. 0-0 Bg4 6. h3 Bh5 7. e5 dxe5 8. g4 Bg6 9. Nxe5 e6 10. Nc3 Bd6 11. Nc4 Bc7 12. Qf3 Ne7 13. d3 Nd5 14. Ne2 h5 15. g5 h4 16. Kh1 Bh5 17. Qe4 Bxe2 18. Qxe2 Nf4 19. Bxf4 Bxf4 20. Qe4 Qd5 21. Rg1 Rh5 22. g6 f5 23. Qg2 Rg5 24. Qxd5 cxd5 25. Nd6+ Ke7 26. Rxg5 Bxg5 27. Nf7 Bf6 28. Rb1 Rb8 29. b3 Bd4 30. f4 Kf6 31. Ng5 Be3 32. Nf3 Bxf4 33. Nxh4 Rh8 34. Ng2 Rxh3+ 35. Kg1 Be3+ 36. Nxe3 Rxe3 37. Kf2 Rh3 38. Kg2 Rh4 39. c4 Rd4 40. cxd5 Rxd5 41. Kf2 Rxd3 42. Ke2 Rh3 43. a3 a6 44. b4 Rxa3 45. bxc5 Rc3 46. Rb6 Rxc5 47. Rxa6 Re5+ 48. Kf3 Kxg6 49. Kf4 Re4+ 50. Kf3 Kf6 51. Ra8 g5 0-1

[Event "Wch U16"]
[Site "Montevideo"]
[Date "2017.09.25"]
[Round "10"]
[White "Stijve, Theo"]
[Black "Hafstad, Leif"]
[Result "1-0"]
[WhiteElo "2262"]
[BlackElo "1808"]
[PlyCount "41"]
[EventDate "2017.09.17"]
[EventType "swiss"]
[EventRounds "11"]
[EventCountry "URU"]
[SourceTitle "EXT 2018"]
[Source "ChessBase"]
[SourceDate "2017.10.13"]
[SourceVersion "1"]
[SourceVersionDate "2017.10.13"]
[SourceQuality "1"]

1. e4 e6 2. d4 d5 3. Nc3 Nf6 4. e5 Nfd7 5. f4 c5 6. Nf3 Nc6 7. Be3 Be7 8. dxc5 Bxc5 9. Qd2 a6 10. 0-0-0 b5 11. f5 Bxe3 12. Qxe3 0-0 13. Bd3 d4 14. Nxd4 Nxd4 15. Qxd4 exf5 16. Qf4 g6 17. Rhe1 Bb7 18. Re3 Qe7 19. Bxf5 gxf5 20. Rxd7 Qxd7 21. Qg5+ 1-0

[Event "ENG Terafinal Challengers-A"]
[Site "Daventry"]
[Date "2017.08.13"]
[Round "6"]
[White "Boswell, Jacob Connor"]
[Black "Hafstad, Leif"]
[Result "1/2-1/2"]
[WhiteElo "177"]
[BlackElo "159"]
[PlyCount "54"]
[EventDate "2017.08.12"]
[EventType "swiss"]
[EventRounds "6"]
[EventCountry "ENG"]
[SourceTitle "CBM 179 Extra"]
[Source "ChessBase"]
[SourceDate "2017.08.23"]
[SourceVersion "1"]
[SourceVersionDate "2017.08.23"]
[SourceQuality "1"]

1. e4 e6 2. d4 d5 3. Nd2 Nf6 4. e5 Nfd7 5. Bd3 c5 6. c3 Nc6 7. Ne2 cxd4 8. cxd4 f6 9. exf6 Nxf6 10. Nf3 Bd6 11. 0-0 Qc7 12. Ng3 0-0 13. Bg5 Bd7 14. Rc1 Rae8 15. Re1 Qb8 16. Bb1 Bf4 17. Bxf4 Qxf4 18. a3 e5 19. Ne2 Qh6 20. dxe5 Nxe5 21. Ned4 Bg4 22. Rc3 Nxf3+ 23. Nxf3 Rxe1+ 24. Qxe1 Re8 25. Re3 Rxe3 26. Qxe3 Qxe3 27. fxe3 Kf8 1/2-1/2

[Event "ENG Terafinal Challengers-A"]
[Site "Daventry"]
[Date "2017.08.13"]
[Round "4"]
[White "Stubbs, Oliver"]
[Black "Hafstad, Leif"]
[Result "0-1"]
[WhiteElo "145"]
[BlackElo "159"]
[PlyCount "76"]
[EventDate "2017.08.12"]
[EventType "swiss"]
[EventRounds "6"]
[EventCountry "ENG"]
[SourceTitle "CBM 179 Extra"]
[Source "ChessBase"]
[SourceDate "2017.08.23"]
[SourceVersion "1"]
[SourceVersionDate "2017.08.23"]
[SourceQuality "1"]

1. d4 d5 2. Bf4 c6 3. c4 Nf6 4. e3 Bf5 5. Nc3 e6 6. Qb3 Qb6 7. c5 Qxb3 8. axb3 Nbd7 9. b4 Nh5 10. b5 Nxf4 11. exf4 Nb8 12. Nf3 f6 13. Be2 Be7 14. 0-0 Kd7 15. Na4 Bd8 16. Nb6+ Bxb6 17. cxb6 a6 18. Rfc1 Rc8 19. bxa6 Nxa6 20. Bxa6 Rxa6 21. Rxa6 bxa6 22. Ra1 Bd3 23. Nd2 Rb8 24. Nb3 Kd6 25. Nc5 Bb5 26. Nxa6 Rxb6 27. Nc5 e5 28. fxe5+ fxe5 29. Nb3 Bc4 30. dxe5+ Kxe5 31. Nd2 Rxb2 32. Nxc4+ dxc4 33. Kf1 c3 34. Rc1 Kd4 35. Ke1 Kd3 36. Rd1+ Rd2 37. Rxd2+ cxd2+ 38. Kd1 c5 0-1

[Event "Helsingor Xtracon op"]
[Site "Helsingor"]
[Date "2017.07.24"]
[Round "4"]
[White "Hafstad, Leif"]
[Black "Nielsen, Bjorn1111"]
[Result "1-0"]
[WhiteElo "1735"]
[BlackElo "1353"]
[PlyCount "119"]
[EventDate "2017.07.22"]
[EventType "swiss"]
[EventRounds "10"]
[EventCountry "DEN"]
[SourceTitle "CBM 179 Extra"]
[Source "ChessBase"]
[SourceDate "2017.08.23"]
[SourceVersion "1"]
[SourceVersionDate "2017.08.23"]
[SourceQuality "1"]

1. e4 e5 2. Nf3 Nc6 3. Bb5 d6 4. d4 Bd7 5. 0-0 Nce7 6. Bxd7+ Qxd7 7. dxe5 Rd8 8. exd6 cxd6 9. Nc3 g6 10. Be3 b6 11. Qd4 f6 12. Qa4 Nc6 13. Nd4 Nxd4 14. Qxd7+ Rxd7 15. Bxd4 Bg7 16. Rad1 Ne7 17. Ne2 0-0 18. f3 Rfd8 19. Nf4 Re8 20. Bc3 f5 21. Bxg7 Kxg7 22. Rfe1 Kf7 23. e5 Rdd8 24. exd6 Nc6 25. Rxe8 Kxe8 26. Kf2 Na5 27. Re1+ Kd7 28. Re7+ Kxd6 29. Rxh7 Rc8 30. c3 Nc6 31. Nxg6 a5 32. Nf4 Ne5 33. Rh5 Rf8 34. Rh6+ Kc5 35. Ne6+ Kc4 36. Nxf8 Nd3+ 37. Ke3 Nxb2 38. Rxb6 Kxc3 39. Rb3+ Kc2 40. Ne6 Nd1+ 41. Kf4 a4 42. Ra3 Kb2 43. Rxa4 Nc3 44. Rd4 Kxa2 45. Kxf5 Kb2 46. h4 Kb3 47. h5 Nb5 48. Rd8 Kc4 49. h6 Na7 50. h7 Nc6 51. Rc8 Kb5 52. Rxc6 Kxc6 53. h8Q Kd5 54. Qd4+ Kc6 55. Ke5 Kb5 56. Qc5+ Ka4 57. Qb6 Ka3 58. Nd4 Ka4 59. Qb5+ Ka3 60. Qb3# 1-0

[Event "Helsingor Xtracon op"]
[Site "Helsingor"]
[Date "2017.07.23"]
[Round "2"]
[White "Hafstad, Leif"]
[Black "Hansen, Andreas Ph"]
[Result "1-0"]
[WhiteElo "1735"]
[BlackElo "1624"]
[PlyCount "113"]
[EventDate "2017.07.22"]
[EventType "swiss"]
[EventRounds "10"]
[EventCountry "DEN"]
[SourceTitle "CBM 179 Extra"]
[Source "ChessBase"]
[SourceDate "2017.08.23"]
[SourceVersion "1"]
[SourceVersionDate "2017.08.23"]
[SourceQuality "1"]

1. e4 e6 2. d4 d5 3. Nd2 c5 4. exd5 exd5 5. dxc5 Bxc5 6. Nb3 Bb6 7. Nf3 h6 8. Bf4 Nc6 9. c3 Nf6 10. Be2 0-0 11. 0-0 Re8 12. Re1 Ne4 13. Nfd4 Ne5 14. Bxe5 Rxe5 15. f3 Nd6 16. Bd3 Rxe1+ 17. Qxe1 Nc4 18. Qe2 Nd6 19. Kh1 Qe8 20. Qxe8+ Nxe8 21. Re1 Nf6 22. Kg1 Kf8 23. Kf1 a5 24. Nb5 Bd7 25. N3d4 Bxb5 26. Nxb5 g6 27. g3 Nd7 28. Bc2 Bc5 29. Nc7 Rc8 30. Nxd5 Rc6 31. Ba4 Rd6 32. Nf4 Nb6 33. Bb5 Rd2 34. Nd3 Be7 35. Re2 Rxe2 36. Kxe2 f5 37. Ke3 Kf7 38. Kd4 Nc8 39. Ne5+ Kf6 40. Nd7+ Kf7 41. Kd5 Nd6 42. a4 Nxb5 43. axb5 Ke8 44. Nc5 b6 45. Na4 Kd8 46. Kc6 Kc8 47. Nxb6+ Kb8 48. Nd5 Bg5 49. b3 Bd2 50. b6 Bxc3 51. Nxc3 h5 52. b7 g5 53. Nd5 f4 54. Nf6 a4 55. Nd7+ Ka7 56. b8Q+ Ka6 57. Qb6# 1-0

[Event "Wch U14"]
[Site "Khanty-Mansiysk"]
[Date "2016.10.01"]
[Round "9"]
[White "Hafstad, Leif"]
[Black "Izumi, Haruki"]
[Result "1-0"]
[WhiteElo "1705"]
[BlackElo "1549"]
[PlyCount "63"]
[EventDate "2016.09.22"]
[EventType "swiss"]
[EventRounds "11"]
[EventCountry "RUS"]
[SourceTitle "EXT 2017"]
[Source "ChessBase"]
[SourceDate "2016.10.25"]
[SourceVersion "1"]
[SourceVersionDate "2016.10.25"]
[SourceQuality "1"]

1. e4 e5 2. Nf3 Nc6 3. Bb5 g6 4. 0-0 Bg7 5. c3 a6 6. Ba4 Nge7 7. d4 exd4 8. Nxd4 Nxd4 9. cxd4 0-0 10. Nc3 d5 11. exd5 Nxd5 12. Bb3 Ne7 13. d5 b6 14. Bf4 Nf5 15. Qd2 Bb7 16. Rad1 Qd7 17. d6 cxd6 18. Bxd6 Rfd8 19. Bf4 Qc6 20. Qxd8+ Rxd8 21. Rxd8+ Bf8 22. Bd5 Qf6 23. Rxf8+ Kxf8 24. Bxb7 b5 25. Re1 Qb6 26. Be4 Kg7 27. Bxf5 gxf5 28. Nd5 Qa5 29. Be5+ Kf8 30. Rc1 Qd8 31. Bf6 Qa8 32. Nb6 1-0

[Event "Wch U14"]
[Site "Khanty-Mansiysk"]
[Date "2016.09.29"]
[Round "7"]
[White "Balashov, Egor"]
[Black "Hafstad, Leif"]
[Result "1-0"]
[WhiteElo "1799"]
[BlackElo "1705"]
[PlyCount "91"]
[EventDate "2016.09.22"]
[EventType "swiss"]
[EventRounds "11"]
[EventCountry "RUS"]
[SourceTitle "EXT 2017"]
[Source "ChessBase"]
[SourceDate "2016.10.25"]
[SourceVersion "1"]
[SourceVersionDate "2016.10.25"]
[SourceQuality "1"]

1. d4 d5 2. c4 e6 3. Nf3 Nf6 4. g3 Bb4+ 5. Bd2 Be7 6. Bg2 c6 7. 0-0 0-0 8. Qc2 b6 9. Bf4 Ba6 10. Nbd2 Nbd7 11. b3 Nh5 12. Be3 Rc8 13. Qb2 Qc7 14. Rac1 Qb8 15. b4 b5 16. c5 f5 17. Ne5 Nxe5 18. dxe5 f4 19. Bd4 fxg3 20. hxg3 Rce8 21. Be3 Bc8 22. Nf3 Bd7 23. Qd2 g6 24. Bh6 Ng7 25. Bh3 Qc8 26. Kg2 Rf7 27. g4 Qc7 28. Rh1 Ra8 29. Qc2 a5 30. Bd2 axb4 31. Bxb4 Qa7 32. a3 Rf4 33. Nd2 Ne8 34. e3 Rf7 35. Kg3 Nc7 36. Nb3 Qa4 37. Ra1 Na6 38. Bf1 Bxc5 39. Bd3 Bxb4 40. axb4 Qxb4 41. Nc5 Nc7 42. Rhb1 Rxa1 43. Rxb4 Ne8 44. Rb1 Ra7 45. Rh1 Rg7 46. Nb3 1-0

[Event "Wch U14"]
[Site "Khanty-Mansiysk"]
[Date "2016.09.25"]
[Round "4"]
[White "Chursin, Aleksandr"]
[Black "Hafstad, Leif"]
[Result "1/2-1/2"]
[WhiteElo "1675"]
[BlackElo "1705"]
[PlyCount "135"]
[EventDate "2016.09.22"]
[EventType "swiss"]
[EventRounds "11"]
[EventCountry "RUS"]
[SourceTitle "EXT 2017"]
[Source "ChessBase"]
[SourceDate "2016.10.25"]
[SourceVersion "1"]
[SourceVersionDate "2016.10.25"]
[SourceQuality "1"]

1. c4 e6 2. Nc3 d5 3. d4 Nf6 4. Bg5 Be7 5. e3 Nbd7 6. Nf3 0-0 7. Bd3 a6 8. c5 c6 9. 0-0 h6 10. Bh4 Nh5 11. Bxe7 Qxe7 12. b4 Nhf6 13. a4 e5 14. Be2 Re8 15. dxe5 Nxe5 16. Qd4 Bg4 17. Nxe5 Qxe5 18. Qxe5 Rxe5 19. Bxg4 Nxg4 20. b5 axb5 21. axb5 Ree8 22. b6 Ne5 23. Ra7 Nd7 24. Rxb7 Nxc5 25. Rc7 Rac8 26. Ra7 Rb8 27. Rb1 Rb7 28. Na4 Reb8 29. Rxb7 Nxb7 30. g3 Ra8 31. Nc3 Kf8 32. Ne2 c5 33. Nc3 d4 34. exd4 cxd4 35. Ne2 d3 36. Nf4 Rd8 37. Kf1 g5 38. Ng2 Ke7 39. Ne3 Kd7 40. Ke1 Kc6 41. Kd2 Nc5 42. f3 Ra8 43. Nc4 Ra2+ 44. Rb2 Rxb2+ 45. Nxb2 Kxb6 46. Nxd3 f6 47. Ke3 f5 48. Ne5 Ne6 49. Nf7 h5 50. Nxg5 Nxg5 51. Kf4 Ne6+ 52. Kxf5 Nf8 53. Kg5 h4 54. Kxh4 Kc6 55. Kg5 Kd6 56. f4 Ke7 57. h4 Kf7 58. f5 Kg7 59. h5 Nh7+ 60. Kf4 Kf6 61. g4 Ng5 62. h6 Nh7 63. Ke4 Ng5+ 64. Kd5 Nh7 65. Kd6 Kg5 66. Ke6 Kxg4 67. Kf7 Kxf5 68. Kg7 1/2-1/2

[Event "BCF-ch U14"]
[Site "Bournemouth"]
[Date "2016.07.24"]
[Round "1"]
[White "Hafstad, Leif"]
[Black "Stoyanov, Viktor"]
[Result "1/2-1/2"]
[WhiteElo "1486"]
[BlackElo "1652"]
[PlyCount "76"]
[EventDate "2016.07.24"]
[EventType "swiss"]
[EventRounds "7"]
[EventCountry "ENG"]
[SourceTitle "EXT 2017"]
[Source "ChessBase"]
[SourceDate "2016.10.25"]
[SourceVersion "1"]
[SourceVersionDate "2016.10.25"]
[SourceQuality "1"]

1. e4 c5 2. Nf3 g6 3. d4 cxd4 4. Nxd4 Nc6 5. Be3 Bg7 6. Nxc6 bxc6 7. Bd4 Nf6 8. Nd2 0-0 9. Be2 d5 10. exd5 cxd5 11. 0-0 Re8 12. f4 Nd7 13. Bxg7 Kxg7 14. Kh1 Nf6 15. Nf3 Rb8 16. b3 Ne4 17. c4 dxc4 18. Bxc4 Qb6 19. Qd4+ Qxd4 20. Nxd4 Bb7 21. Rad1 Red8 22. f5 Nf6 23. fxg6 hxg6 24. Rfe1 Ne4 25. Rf1 Nf6 26. Rfe1 Ng4 27. Kg1 e5 28. Nb5 a6 29. Nd6 f6 30. Nxb7 Rxd1 31. Rxd1 Rxb7 32. Bxa6 Ra7 33. Be2 Ne3 34. Rd3 Nf5 35. a4 e4 36. Rc3 Nd4 37. Kf2 f5 38. Ke3 Rd7 1/2-1/2

[Event "BCF-ch U13"]
[Site "Coventry"]
[Date "2015.07.29"]
[Round "4"]
[White "Smith, Rachel Lorna"]
[Black "Hafstad, Leif"]
[Result "0-1"]
[WhiteElo "1510"]
[BlackElo "1622"]
[PlyCount "116"]
[EventDate "2015.07.27"]
[EventType "swiss"]
[EventRounds "7"]
[EventCountry "ENG"]
[SourceTitle "CBM 167 Extra"]
[Source "ChessBase"]
[SourceDate "2015.09.14"]
[SourceVersion "1"]
[SourceVersionDate "2015.09.14"]
[SourceQuality "1"]

1. f4 d5 2. e3 Bf5 3. Nf3 Nc6 4. b3 Nf6 5. Bb5 Bd7 6. 0-0 e6 7. Bb2 a6 8. Bxc6 Bxc6 9. Ne5 Bb5 10. d3 Nd7 11. a4 Nxe5 12. fxe5 Bc6 13. Nd2 Qg5 14. Qe2 Bc5 15. d4 Be7 16. Rf3 Qg6 17. Nb1 f6 18. exf6 Bxf6 19. Rg3 Qf7 20. Nc3 0-0 21. Rf1 Qe7 22. Qg4 Bd7 23. Qd1 c6 24. Nb1 e5 25. Ba3 Qe6 26. Bxf8 Rxf8 27. c3 exd4 28. exd4 Re8 29. Nd2 Bh4 30. Rgf3 Qg6 31. Rf4 Bg5 32. R4f2 Be3 33. Qf3 Bxf2+ 34. Qxf2 h6 35. Nf3 Rf8 36. Qh4 Qd3 37. Qe1 Bg4 38. Qd2 Rxf3 39. Qe1 Rxf1+ 40. Qxf1 Qxf1+ 41. Kxf1 Bd1 42. a5 Bxb3 43. Kf2 Kf7 44. Kf3 Kf6 45. h4 Kf5 46. g4+ Kg6 47. Kg3 Kf6 48. Kh3 g5 49. Kg3 Ke7 50. Kg2 Kd7 51. Kh2 Kc7 52. Kg3 b6 53. axb6+ Kxb6 54. hxg5 hxg5 55. Kf2 a5 56. Ke1 a4 57. Kd2 Kb5 58. Kc1 a3 0-1